TOP 10 POLSKICH MIAST - Statystyki

Ogólne statystyki
  • Ten quiz został rozwiązany 49 razy
  • Średni wynik to 8 z 10
Statystyki odpowiedzi
Ludność Miasto % Poprawnych
1,8MLN Warszawa
100%
800tys Kraków
98%
530tys Poznań
98%
640tys Wrocław
98%
480tys Gdańsk
95%
650tys Łódź
95%
330tys Bydgoszcz
80%
330tys Lublin
80%
390tys Szczecin
70%
712tys Lwów
13%
Nie znaleziono quizów pasujących do podanych kryteriów
Rozkład punktacji
Procent ludzi z każdym wynikiem
Percentyl według liczby udzielonych odpowiedzi
Twoja historia wyników
Nie rozwiązałeś tego quizu